|
|
|
|
| LEADER |
00000nam a2200000 a 4500 |
| 001 |
vtls011574959 |
| 003 |
SK-MaSNL |
| 005 |
20260302085041.0 |
| 008 |
251104s1997 rb a 000 0 srp |
| 015 |
|
|
|a SNBZSA2016/11
|
| 020 |
|
|
|a 8670670437
|q (brožované)
|
| 035 |
|
|
|a urn:nbn:sk:snk-am00cwgh
|
| 035 |
|
|
|a urn:nbn:sk:snk-am3hn8s
|
| 035 |
|
|
|a B8DE1058-4810-4256-B8BF-2C15AE9F7B45
|
| 040 |
|
|
|a SNK
|b slo
|c SNK
|e AACR2
|
| 041 |
0 |
|
|a srp
|b eng
|
| 043 |
|
|
|a ec-----
|
| 044 |
|
|
|a rb
|c RS
|
| 072 |
|
7 |
|a 330.5338
|x Národné hospodárstvo a hospodárska politika
|2 konspekt
|
| 080 |
|
|
|a 33.025.28
|2 2011
|
| 080 |
|
|
|a (4-191.2)
|2 2011
|
| 080 |
|
|
|a (048.8)
|2 2011
|
| 080 |
|
|
|a 338.2
|2 2011
|
| 080 |
|
|
|a 338
|2 2011
|
| 080 |
|
|
|a 338.24.021.8
|2 2011
|
| 100 |
1 |
|
|a Čupić, Zoran I.,
|d 1964-
|4 aut
|9 754922
|
| 245 |
1 |
0 |
|a Proces tranzicije u Centralnoj Evropi
|b prva etapa
|c Zoran I. Čupić
|
| 260 |
|
|
|a Beograd
|b Institut za medjunarodnu politiku i privredu
|c 1997
|
| 300 |
|
|
|a 163 s.
|b tab.
|c 24 cm
|
| 366 |
|
|
|e 500 výtl.
|
| 504 |
|
|
|a Bibliogr. ; bibliogr. odkazy
|
| 546 |
|
|
|a Resumé v angl. jazyku
|
| 648 |
|
7 |
|a 1989-1992
|2 SNK
|9 324379
|
| 650 |
0 |
7 |
|a privatizácia
|2 SNKPH
|9 2343
|
| 650 |
0 |
7 |
|a Privatization
|2 SNKPHeng
|9 278108
|
| 650 |
0 |
7 |
|a hospodárska politika
|2 SNKPH
|9 2279
|
| 650 |
0 |
7 |
|a Economic policy
|2 SNKPHeng
|9 268361
|
| 650 |
0 |
7 |
|a ekonomická transformácia
|2 SNKPH
|9 4367
|
| 650 |
0 |
7 |
|a Economic transformation
|2 SNKPHeng
|9 305819
|
| 650 |
0 |
7 |
|a ekonomické reformy
|2 SNKPH
|9 2145
|
| 650 |
0 |
7 |
|a Economic reforms
|2 SNKPHeng
|9 327982
|
| 651 |
|
7 |
|a Európa stredná
|2 SNKPH
|9 23970
|
| 651 |
|
7 |
|a Europe, Central
|2 SNKPHeng
|9 98219
|
| 655 |
|
7 |
|a monografie
|2 SNKPH
|9 70139
|
| 655 |
|
7 |
|a Monographs
|2 SNKPHeng
|9 120675
|
| 919 |
|
|
|a 86-7067-043-7
|
| 958 |
|
|
|a ZS
|
| 958 |
|
|
|a NB
|
| 999 |
|
|
|c 1190484
|d 1192414
|
| 952 |
|
|
|a SNK
|b SNK
|y PREZ
|7 0
|p 17A1249871
|o snkSC 172062
|i snk2016/27106
|8 2
|g 6.25
|0 0
|1 0
|4 0
|d 2016-08-24
|f 1
|l 0
|r 2025-09-10 00:00:00
|w 2026-02-24
|